Sports Quiz

Random Sports or NCAA Quiz

Heisman Winners Quiz Stats

 Plays Quiz Updated Dec 8, 2018

Score 0/39 Timer 06:00
0 Plays Today
Year Player % Correct
2005Forfeited
95.6%
2007Tim Tebow
93.6%
2011Robert Griffin III
88.5%
2012Johnny Manziel
87.4%
2017Baker Mayfield
85.7%
2016Lamar Jackson
85.2%
2004Matt Leinart
84.6%
2013Jameis Winston
84.5%
2018Kyler Murray
84.1%
2014Marcus Mariota
83.1%
2002Carson Palmer
81.8%
2008Sam Bradford
80%
2006Troy Smith
79.8%
1998Ricky Williams
71.7%
1997Charles Woodson
69.8%
2015Derrick Henry
69.7%
2003Jason White
69.6%
1999Ron Dayne
66.6%
1988Barry Sanders
65.4%
1984Doug Flutie
64.3%
Year Player % Correct
1985Bo Jackson
62.6%
2001Eric Crouch
60.4%
2000Chris Weinke
58.5%
1995Eddie George
57.3%
1991Desmond Howard
57.1%
1982Herschel Walker
56.8%
2009Mark Ingram
50.4%
1993Charlie Ward
48.9%
1986Vinny Testaverde
47.9%
1987Tim Brown
46.4%
1990Ty Detmer
46.1%
1981Marcus Allen
44.4%
1989Andre Ware
41.1%
1996Danny Wuerffel
38.7%
1994Rashaan Salaam
37.6%
2010Cameron Newton
34.2%
1992Gino Torretta
28.9%
1980George Rogers
26.7%
1983Mike Rozier
24.4%

You're not logged in!

Compare scores with friends on all Sporcle quizzes.
OR
Log In

Sporcle TV

Today on Sporcle TV


Watch our educational content, quiz creation guides, and fun videos on Sporcle TV.

Show Comments

Extras

Top Quizzes Today


Score Distribution

Your Account Isn't Verified!

In order to create a playlist on Sporcle, you need to verify the email address you used during registration. Go to your Sporcle Settings to finish the process.

Report this User

Report this user for behavior that violates our Community Guidelines.

Details: